chivas - kupić jej gaz czy torebkę? (odgadnij cały tekst) - Statystyki

Ogólne statystyki
  • Ten quiz został rozwiązany 369 razy
  • Średni wynik to 196 z 270
Statystyki odpowiedzi
Odpowiedź % Poprawnych
jej
98%
to
98%
i
94%
a
92%
o
92%
na
91%
tak
88%
do
86%
torebki
86%
z
86%
kupić
85%
czy
84%
gaz
84%
kafelki
83%
łezka
83%
w
83%
podobnno
82%
podobno
82%
będzie
81%
bedzie
81%
nie
81%
upada
81%
się
80%
spadać
80%
czas
79%
jutra
79%
od
79%
za
78%
były
77%
trendy
77%
kupuje
76%
kupuję
76%
chce
75%
ty
75%
dziewczynom
73%
ona
73%
pieprzyć
73%
tylko
73%
że
73%
byłym
71%
kocha
71%
czasem
70%
mnie
70%
cały
69%
bo
68%
da
68%
dla
68%
kurwa
68%
kurwą
68%
pieniędzy
68%
takiej
68%
zastanawiam
68%
robi
66%
chcą
65%
dziewczyny
65%
raz
65%
rozumiem
64%
zazdrość
64%
czują
63%
już
63%
miasto
63%
uczuć
63%
ufają
63%
ci
62%
moim
62%
płaszcz
62%
sam
62%
twoje
62%
auto
61%
jestem
61%
koleżankom
61%
słyszałem
61%
tego
61%
zamknąć
61%
całowały
60%
głupi
60%
ja
60%
mogę
60%
ukradzione
60%
ustom
60%
zaufaj
60%
mówić
59%
poduszką
59%
przede
59%
wszystkim
59%
dał
58%
czółko
57%
ma
57%
wiedziałem
57%
zasypiasz
57%
dać
56%
radości
56%
serialem
56%
dobrze
54%
chodzi
53%
dużo
53%
musiałaś
53%
piętrze
53%
trzecim
53%
apartamencie
52%
byłaś
52%
cukierkiem
52%
mieście
52%
nami
52%
społeczeństwie
52%
takim
52%
twarzy
52%
wtedy
52%
zamieszkałem
52%
żebyś
52%
dużym
51%
igiełkami
50%
ładnych
50%
papierkiem
50%
pokolenie
50%
tatuaży
50%
weź
50%
jesteśmy
49%
kolczyków
48%
nikogo
48%
pustym
48%
sami
48%
tacy
48%
smutno
44%
przekłuwanych
39%
Nie znaleziono quizów pasujących do podanych kryteriów
Rozkład punktacji
Procent ludzi z każdym wynikiem
Percentyl według liczby udzielonych odpowiedzi
Twoja historia wyników
Nie rozwiązałeś tego quizu